[Event "Quebec op U2000"]
[Site "Longueuil"]
[Date "2018.07.22"]
[Round "3.29"]
[White "Demers, Alexis"]
[Black "Turgeon, Yoakim"]
[Result "1-0"]
[WhiteElo "1686"]
[BlackElo "1825"]
[PlyCount "79"]
[EventDate "2018.07.21"]
[EventType "swiss"]
[EventRounds "9"]
[EventCountry "CAN"]
[SourceTitle "EXT 2022"]
[Source "ChessBase"]
[SourceDate "2021.10.06"]
[SourceVersion "1"]
[SourceVersionDate "2021.10.06"]
[SourceQuality "1"]

1. d4 d5 2. Bf4 e6 3. Nf3 Bd6 4. Bxd6 Qxd6 5. c4 Qb4+ 6. Qd2 Nc6 7. cxd5 exd5 8. Nc3 Nf6 9. a3 Qb6 10. e3 0-0 11. Bd3 Bg4 12. Ne5 Bh5 13. b4 a5 14. b5 Nxe5 15. dxe5 Nd7 16. Nxd5 Qc5 17. Nf4 Qxe5 18. 0-0 Nc5 19. Nxh5 Nb3 20. Qa2 Nxa1 21. Nf4 Rad8 22. Bc4 Qc3 23. Nd5 Qc2 24. Rxa1 Qxa2 25. Bxa2 Rd7 26. Kf1 h6 27. Rc1 Rc8 28. Nb6 Rd2 29. Bxf7+ Kxf7 30. Nxc8 Rd7 31. Ke2 Ke8 32. Rd1 Rxd1 33. Kxd1 Kd7 34. Na7 c6 35. b6 Kd6 36. Kc2 Kc5 37. Nc8 Kb5 38. e4 Kc5 39. e5 Kd5 40. f4 1-0

[Event "Montreal CC-ch"]
[Site "Montreal"]
[Date "2017.06.11"]
[Round "4.9"]
[White "Turgeon, Yoakim"]
[Black "Jacquet, Stephane"]
[Result "1/2-1/2"]
[WhiteElo "1720"]
[BlackElo "2053"]
[PlyCount "103"]
[EventDate "2017.06.09"]
[EventType "swiss"]
[EventRounds "5"]
[EventCountry "CAN"]
[SourceTitle "EXT 2022"]
[Source "ChessBase"]
[SourceDate "2021.10.06"]
[SourceVersion "1"]
[SourceVersionDate "2021.10.06"]
[SourceQuality "1"]

1. d4 Nf6 2. e3 d5 3. Bd3 c5 4. c3 Nc6 5. f4 g6 6. Nf3 Bg7 7. Ne5 0-0 8. Nd2 Nxe5 9. fxe5 Ng4 10. Nf3 f6 11. exf6 exf6 12. h3 Nh6 13. 0-0 c4 14. Bc2 Bf5 15. Re1 Re8 16. Nd2 Bxc2 17. Qxc2 f5 18. b3 b5 19. Nf3 Nf7 20. Bd2 Nd6 21. Rab1 Rb8 22. a4 a6 23. bxc4 Nxc4 24. Rb4 Qa5 25. axb5 Rxb5 26. Rxb5 axb5 27. Qb3 Ra8 28. Rb1 Rb8 29. Bc1 h6 30. Ne1 Bf8 31. Nc2 Qc7 32. Nb4 Bxb4 33. Qxb4 Qd6 34. Qxd6 Nxd6 35. Ra1 Ne4 36. Bb2 Kf7 37. Ra7+ Kf6 38. Kf1 b4 39. cxb4 Rxb4 40. Ba3 Rb1+ 41. Ke2 Rg1 42. Ra6+ Kg5 43. Be7+ Kh5 44. g4+ fxg4 45. hxg4+ Kxg4 46. Rxg6+ Ng5 47. Rxh6 Rg2+ 48. Kd3 Ne4 49. Rg6+ Kf3 50. Rxg2 Kxg2 51. Bf8 Kf3 52. Bh6 1/2-1/2

[Event "Quebec-ch U20"]
[Site "Montreal"]
[Date "2017.04.22"]
[Round "2"]
[White "Liu, Kevin1111"]
[Black "Turgeon, Yoakim"]
[Result "1/2-1/2"]
[WhiteElo "1438"]
[BlackElo "1773"]
[PlyCount "71"]
[EventDate "2017.04.21"]
[EventType "swiss"]
[EventRounds "5"]
[EventCountry "CAN"]
[SourceTitle "EXT 2022"]
[Source "ChessBase"]
[SourceDate "2021.10.06"]
[SourceVersion "1"]
[SourceVersionDate "2021.10.06"]
[SourceQuality "1"]

1. e4 e5 2. Nf3 Nc6 3. Nc3 Nf6 4. d4 exd4 5. Nxd4 Bc5 6. Be3 Bb6 7. Bc4 0-0 8. 0-0 d6 9. Nxc6 bxc6 10. Bxb6 axb6 11. h3 b5 12. Bb3 b4 13. Ne2 Nxe4 14. Qd4 Nc5 15. Qxb4 Nxb3 16. axb3 Bf5 17. Qc3 c5 18. Nf4 Qg5 19. Qf3 Rxa1 20. Rxa1 Bxc2 21. Ra8 Qe7 22. Rxf8+ Kxf8 23. Qc3 Bg6 24. Qa5 c6 25. Qb6 Qd7 26. Qa5 Bf5 27. Qd2 Be6 28. h4 c4 29. Qc2 g6 30. Qc3 Kg8 31. Qg3 Qe7 32. Kh2 d5 33. Nh5 Kf8 34. Qb8+ Qe8 35. Qd6+ Qe7 36. Qb8+ 1/2-1/2

[Event "Montreal CMA Futurity ABCD"]
[Site "Montreal"]
[Date "2017.04.15"]
[Round "2"]
[White "Tsukerman, Julia"]
[Black "Turgeon, Yoakim"]
[Result "1-0"]
[WhiteElo "1396"]
[BlackElo "1822"]
[PlyCount "117"]
[EventDate "2017.04.14"]
[EventType "swiss"]
[EventRounds "5"]
[EventCountry "CAN"]
[SourceTitle "EXT 2022"]
[Source "ChessBase"]
[SourceDate "2021.10.06"]
[SourceVersion "1"]
[SourceVersionDate "2021.10.06"]
[SourceQuality "1"]

1. e4 e5 2. Nf3 Nc6 3. Bb5 a6 4. Ba4 Nf6 5. d3 Bc5 6. c3 b5 7. Bb3 d6 8. 0-0 Bg4 9. Nbd2 0-0 10. Re1 Ne7 11. Nf1 Ng6 12. Ng3 c6 13. h3 Bxf3 14. Qxf3 h6 15. Nf5 d5 16. h4 Ne7 17. Nxh6+ gxh6 18. Qxf6 Ng6 19. Qxc6 Rc8 20. Qxa6 Qxh4 21. Be3 Bxe3 22. Rxe3 Nf4 23. Bxd5 Kh8 24. g3 Qh3 25. Qf6+ Kh7 26. Qf5+ Qxf5 27. exf5 Nxd5 28. Rxe5 Nc7 29. d4 Rfe8 30. Rae1 Kg7 31. Rxe8 Rxe8 32. Rxe8 Nxe8 33. f3 Kf6 34. Kf2 Kxf5 35. Ke3 Nd6 36. b3 Ke6 37. Kf4 Kd5 38. g4 b4 39. cxb4 Kxd4 40. a4 Kc3 41. Ke5 Ne8 42. b5 f6+ 43. Ke6 Nc7+ 44. Kxf6 Kxb3 45. Ke5 Kxa4 46. b6 Na6 47. f4 Kb5 48. b7 Kc6 49. f5 Kxb7 50. f6 Nb8 51. f7 Kc7 52. Ke6 Nd7 53. Ke7 Kc6 54. f8Q Nxf8 55. Kxf8 Kd6 56. Kg7 Ke6 57. Kxh6 Kf7 58. g5 Kf8 59. Kh7 1-0

[Event "Quebec-ch U16"]
[Site "Montreal"]
[Date "2017.03.05"]
[Round "5"]
[White "Guan, Zi Yu"]
[Black "Turgeon, Yoakim"]
[Result "0-1"]
[WhiteElo "1630"]
[BlackElo "1703"]
[PlyCount "78"]
[EventDate "2017.03.04"]
[EventType "swiss"]
[EventRounds "5"]
[EventCountry "CAN"]
[SourceTitle "EXT 2022"]
[Source "ChessBase"]
[SourceDate "2021.10.06"]
[SourceVersion "1"]
[SourceVersionDate "2021.10.06"]
[SourceQuality "1"]

1. e4 e5 2. Nf3 Nc6 3. d4 exd4 4. Nxd4 Bc5 5. Be3 Bb6 6. c3 d6 7. Bb5 Bd7 8. 0-0 Nf6 9. f3 0-0 10. Nd2 Nxd4 11. Bxd7 Nxf3+ 12. Qxf3 Bxe3+ 13. Qxe3 Qxd7 14. h3 Rfe8 15. Rae1 Qb5 16. b3 Qb6 17. Qxb6 axb6 18. a4 Re5 19. Rf5 Rae8 20. Rxe5 Rxe5 21. Kf2 g6 22. Kf3 g5 23. Nc4 Re8 24. Re3 Re6 25. e5 d5 26. Nxb6 Rxb6 27. exf6 Rxf6+ 28. Kg4 h6 29. g3 Kg7 30. h4 gxh4 31. Kxh4 Re6 32. Rd3 c6 33. g4 Re4 34. b4 f5 35. Rd4 Rxd4 36. cxd4 fxg4 37. Kxg4 Kf6 38. b5 cxb5 39. axb5 h5+ 0-1

[Event "Quebec op U1700"]
[Site "Montreal"]
[Date "2016.07.28"]
[Round "7.3"]
[White "Zheng, Richard"]
[Black "Turgeon, Yoakim"]
[Result "1/2-1/2"]
[WhiteElo "1398"]
[BlackElo "1675"]
[PlyCount "105"]
[EventDate "2016.07.23"]
[EventType "swiss"]
[EventRounds "8"]
[EventCountry "CAN"]
[SourceTitle "EXT 2022"]
[Source "ChessBase"]
[SourceDate "2021.10.06"]
[SourceVersion "1"]
[SourceVersionDate "2021.10.06"]
[SourceQuality "1"]

1. e4 e5 2. Nf3 Nc6 3. Bc4 Bc5 4. Nc3 Nf6 5. 0-0 0-0 6. d3 d6 7. h3 Be6 8. Bb3 d5 9. exd5 Nxd5 10. Bxd5 Bxd5 11. Be3 Bb6 12. Bxb6 axb6 13. a3 Re8 14. Nxd5 Qxd5 15. Re1 Rad8 16. Qe2 Nd4 17. Nxd4 Qxd4 18. Rab1 Rd6 19. Qe4 Qxe4 20. Rxe4 f5 21. Re2 Rde6 22. Rbe1 e4 23. dxe4 Rxe4 24. Rxe4 Rxe4 25. Rxe4 fxe4 26. Kf1 Kf7 27. Ke2 Ke6 28. Ke3 Ke5 29. b3 b5 30. c3 c6 31. f3 exf3 32. Kxf3 c5 33. Ke3 h6 34. g3 g6 35. Kf3 Kf5 36. Ke3 Ke5 37. Kf3 Kf5 38. Ke3 g5 39. g4+ Ke5 40. c4 b4 41. axb4 cxb4 42. c5 Kd5 43. Kd3 Kxc5 44. Ke4 b6 45. Ke5 b5 46. Ke4 Kd6 47. Kd4 Kc6 48. Ke4 Kc5 49. Ke5 Kc6 50. Ke6 Kc5 51. Ke5 Kc6 52. Ke6 Kc5 53. Ke5 1/2-1/2

[Event "Quebec-ch U20"]
[Site "Montreal"]
[Date "2016.04.24"]
[Round "4.8"]
[White "Turgeon, Yoakim"]
[Black "Richard, Leo"]
[Result "1-0"]
[WhiteElo "1619"]
[BlackElo "1541"]
[PlyCount "63"]
[EventDate "2016.04.22"]
[EventType "swiss"]
[EventRounds "5"]
[EventCountry "CAN"]
[SourceTitle "EXT 2022"]
[Source "ChessBase"]
[SourceDate "2021.10.06"]
[SourceVersion "1"]
[SourceVersionDate "2021.10.06"]
[SourceQuality "1"]

1. d4 Nf6 2. e3 g6 3. Bd3 Bg7 4. f4 d6 5. c3 e5 6. e4 exf4 7. Bxf4 Qe7 8. Bg5 h6 9. Bxf6 Bxf6 10. Nf3 0-0 11. 0-0 Bg7 12. Re1 Bg4 13. Nbd2 g5 14. Qc2 Bh5 15. e5 g4 16. exd6 Qxd6 17. Ne5 Bxe5 18. Rxe5 Bg6 19. Bxg6 fxg6 20. Qb3+ Kg7 21. Qxb7 Nd7 22. Ne4 Qb6 23. Re7+ Rf7 24. Rxf7+ Kxf7 25. Qxa8 Qxb2 26. Rf1+ Ke7 27. Qxa7 Qe2 28. Qa3+ Ke6 29. Nc5+ Nxc5 30. Qxc5 Qe3+ 31. Kh1 Qe2 32. Qe5+ 1-0

[Event "Quebec-ch U14"]
[Site "Montreal"]
[Date "2015.01.16"]
[Round "1"]
[White "Johnson Constantin, Matthieu"]
[Black "Turgeon, Yoakim"]
[Result "1/2-1/2"]
[WhiteElo "1749"]
[BlackElo "1265"]
[PlyCount "93"]
[EventDate "2015.01.16"]
[EventType "swiss"]
[EventRounds "5"]
[EventCountry "CAN"]
[SourceTitle "EXT 2022"]
[Source "ChessBase"]
[SourceDate "2021.10.06"]
[SourceVersion "1"]
[SourceVersionDate "2021.10.06"]
[SourceQuality "1"]

1. d4 d5 2. c4 e6 3. Nf3 c6 4. Nc3 f5 5. cxd5 exd5 6. Bf4 Nf6 7. e3 Be7 8. Be2 0-0 9. 0-0 Ne4 10. Nxe4 fxe4 11. Ne5 Bg5 12. Bg3 Nd7 13. b4 Bh4 14. Bxh4 Qxh4 15. Nxd7 Bxd7 16. a4 Qg5 17. Kh1 Rf6 18. g3 Raf8 19. Qe1 Bh3 20. Ra2 Bxf1 21. Bxf1 Qg6 22. b5 Qf7 23. Kg1 Rh6 24. bxc6 bxc6 25. Rb2 Qc7 26. Qb1 Rhf6 27. Bg2 Qa5 28. Bf1 c5 29. dxc5 Qxc5 30. Rb5 Qd6 31. Rb2 Qe5 32. Qa2 Kh8 33. Rd2 Qf5 34. Bg2 Rd6 35. Rd4 Rdf6 36. Rxd5 Qxf2+ 37. Qxf2 Rxf2 38. Bxe4 Ra2 39. a5 Ra3 40. Bd3 g6 41. e4 Ra1+ 42. Kg2 Ra2+ 43. Kh3 Rd2 44. Bc4 Rxd5 45. Bxd5 Kg7 46. a6 Rf6 47. Bb7 1/2-1/2

[Event "Quebec-ch B U20 Pepsico"]
[Site "Montreal"]
[Date "2012.02.12"]
[Round "5"]
[White "Turgeon, Yoakim"]
[Black "Utepova, Alika"]
[Result "0-1"]
[WhiteElo "1149"]
[BlackElo "1285"]
[PlyCount "84"]
[EventDate "2012.02.10"]
[EventType "swiss"]
[EventRounds "5"]
[EventCountry "CAN"]
[SourceTitle "EXT 2022"]
[Source "ChessBase"]
[SourceDate "2021.10.06"]
[SourceVersion "1"]
[SourceVersionDate "2021.10.06"]
[SourceQuality "1"]

1. d4 Nf6 2. Nf3 g6 3. e3 d5 4. Bd3 Bg7 5. 0-0 Nbd7 6. Nbd2 a6 7. e4 dxe4 8. Nxe4 0-0 9. c4 b6 10. Be3 e6 11. c5 Bb7 12. Bg5 Qc8 13. Nxf6+ Nxf6 14. Rc1 Bd5 15. cxb6 Qb7 16. bxc7 Bxa2 17. Qa4 Bb3 18. Qa3 a5 19. c8Q Rfxc8 20. Rxc8+ Rxc8 21. Qxa5 h6 22. Bf4 Ra8 23. Qd2 g5 24. Be3 Nd5 25. Be4 f5 26. Bxd5 Bxd5 27. Qe2 Ra2 28. Bc1 Bf8 29. Ne1 Kf7 30. f3 Qb4 31. Nc2 Qa4 32. Rf2 Bb3 33. Qd2 Bxc2 34. Qxc2 Qxd4 35. Kf1 Ra1 36. Rd2 Qe5 37. g4 Bb4 38. Rd7+ Kf6 39. gxf5 Qe1+ 40. Kg2 Rxc1 41. Qb3 Qf1+ 42. Kg3 Be1+ 0-1

[Event "Quebec-ch B U20 Pepsico"]
[Site "Montreal"]
[Date "2012.02.11"]
[Round "3"]
[White "Rodrigue Lemieux, Shawn"]
[Black "Turgeon, Yoakim"]
[Result "1/2-1/2"]
[WhiteElo "770"]
[BlackElo "1149"]
[PlyCount "71"]
[EventDate "2012.02.10"]
[EventType "swiss"]
[EventRounds "5"]
[EventCountry "CAN"]
[SourceTitle "EXT 2022"]
[Source "ChessBase"]
[SourceDate "2021.10.06"]
[SourceVersion "1"]
[SourceVersionDate "2021.10.06"]
[SourceQuality "1"]

1. d4 d5 2. c4 e6 3. Nc3 Nc6 4. b3 dxc4 5. bxc4 Nxd4 6. e3 Nc6 7. Qxd8+ Nxd8 8. Bb2 Nc6 9. 0-0-0 Bc5 10. Nf3 Nf6 11. Nb5 Bb6 12. Bxf6 gxf6 13. Be2 a6 14. Nc3 f5 15. Ng5 h6 16. Nf3 Bd7 17. e4 Ba5 18. Na4 fxe4 19. Nd4 Nxd4 20. Rxd4 Bxa4 21. Rxe4 0-0-0 22. Rh4 Rd2 23. Bh5 Rxa2 24. Kb1 Rxf2 25. c5 Rg8 26. Rxa4 b6 27. cxb6 cxb6 28. Rc1+ Kb8 29. Bf3 Rd8 30. Rac4 b5 31. Rc6 Ka7 32. Rc8 Rxc8 33. Rxc8 b4 34. Ra8+ Kb6 35. Rb8+ Kc5 36. Rb7 1/2-1/2